£21bn London prime residential development boom due (Record no. 83338)
[ view plain ]
| 000 -LEADER | |
|---|---|
| fixed length control field | 01138cab a22002055a 4500 |
| 001 - CONTROL NUMBER | |
| control field | L153609 |
| 008 - FIXED-LENGTH DATA ELEMENTS--GENERAL INFORMATION | |
| fixed length control field | 110809s2011 xxk 000 0 eng d |
| 035 ## - SYSTEM CONTROL NUMBER | |
| System control number | (Sirsi) u153609 |
| 041 0# - LANGUAGE CODE | |
| Language code of text/sound track or separate title | eng |
| 100 1# - MAIN ENTRY--PERSONAL NAME | |
| Personal name | Farmer, Mike |
| 245 00 - TITLE STATEMENT | |
| Title | £21bn London prime residential development boom due |
| 260 ## - PUBLICATION, DISTRIBUTION, ETC. | |
| Date of publication, distribution, etc. | 2011 |
| 490 #0 - SERIES STATEMENT | |
| Series statement | Sustainablebuilding inc Propertyforecast |
| Volume/sequential designation | (55) July 2011,14(1) |
| 520 ## - SUMMARY, ETC. | |
| Summary, etc. | Potentially 9000 or more new prime residential development units in London with a value in excess of £21bn will arrive on the market within the next nine years according to EC Harris's recent study with a peak of 4000 units worth £8bn in 2014/2015. The wall of development reflects extensive planning activity with 'paper only' opportunities increasingly translating into site activity. Suggests ways in which the current and future markets can be beaten by creating certainty, confidence and control in developments. |
| 590 ## - LOCAL NOTE (RLIN) | |
| Local note | KA |
| 651 #4 - SUBJECT ADDED ENTRY--GEOGRAPHIC NAME | |
| Geographic name | London |
| 690 ## - LOCAL SUBJECT ADDED ENTRY--TOPICAL TERM (OCLC, RLIN) | |
| Topical term or geographic name as entry element | PROPERTY-RESIDENTIAL PROPERTY-RESIDENTIAL PROPERTY MARKET |
| 690 ## - LOCAL SUBJECT ADDED ENTRY--TOPICAL TERM (OCLC, RLIN) | |
| Topical term or geographic name as entry element | PROPERTY-RESIDENTIAL PROPERTY-RESIDENTIAL PROPERTY FINANCE AND INVESTMENT |
| 942 ## - ADDED ENTRY ELEMENTS (KOHA) | |
| Suppress in OPAC | 0 |
| Withdrawn status | Lost status | Source of classification or shelving scheme | Damaged status | Not for loan | Home library | Current library | Shelving location | Date acquired | Total Checkouts | Full call number | Barcode | Date last seen | Copy number | Price effective from | Koha item type |
|---|---|---|---|---|---|---|---|---|---|---|---|---|---|---|---|
| Dewey Decimal Classification | London | London | Journal article | 09/08/2011 | L153609 | 153609-1001 | 06/08/2019 | 1 | 06/08/2019 | Archive |